MECHANICAL ENGINEERING OBJECTIVE TUPE (Record no. 80664)

MARC details
000 -LEADER
fixed length control field 00462nam a2200181Ia 4500
008 - FIXED-LENGTH DATA ELEMENTS--GENERAL INFORMATION
fixed length control field 090123s9999 xx 000 0 und d
082 ## - DEWEY DECIMAL CLASSIFICATION NUMBER
Item number 42586
100 ## - MAIN ENTRY--PERSONAL NAME
Personal name MOHLA PREM P.
245 ## - TITLE STATEMENT
Title MECHANICAL ENGINEERING OBJECTIVE TUPE
250 ## - EDITION STATEMENT
Edition statement 1
260 ## - PUBLICATION, DISTRIBUTION, ETC. (IMPRINT)
Date of publication, distribution, etc 1997
300 ## - PHYSICAL DESCRIPTION
Extent 799
600 ## - SUBJECT ADDED ENTRY--PERSONAL NAME
Personal name MOHLA PREM P.
630 ## - SUBJECT ADDED ENTRY--UNIFORM TITLE
Uniform title MECHANICAL ENGINEERING OBJECTIVE TUPE
700 ## - ADDED ENTRY--PERSONAL NAME
Personal name MOHLA PREM P.
730 ## - ADDED ENTRY--UNIFORM TITLE
Uniform title MECHANICAL ENGINEERING OBJECTIVE TUPE
942 ## - ADDED ENTRY ELEMENTS (KOHA)
Koha item type Book
Holdings
Withdrawn status Lost status Damaged status Not for loan Home library Current library Date acquired Cost, normal purchase price Total Checkouts Full call number Barcode Date last seen Cost, replacement price Price effective from Koha item type
        Jawahar Wachalanalaya, Kalwa Jawahar Wachalanalaya, Kalwa 05/21/2008 155.00   42586 KLW-42586 01/23/2009 155.00 01/23/2009 Book